El Tractament de les aigües residuals en els petits municipis de Barcelona / Rafael Mujeriego ... [et al.]
Descripción Física:
143 p. ; 23 cm
Otros Autores:
Mujeriego, Rafael
MARC
| LEADER | 00000nam a2200000Ia 4500 | ||
|---|---|---|---|
| 001 | 8400 | ||
| 008 | 160829s1984 xx 000 0 cat d | ||
| 080 | |a C-1-251 | ||
| 245 | |a El Tractament de les aigües residuals en els petits municipis de Barcelona / Rafael Mujeriego ... [et al.] | ||
| 260 | |a Barcelona : |b Diputació de Barcelona, Servei de Cooperació Municipal, |c 1984 | ||
| 300 | |a 143 p. ; |c 23 cm | ||
| 490 | |a Assessorament tècnic als petits ajuntaments ; 1 | ||
| 590 | |a Estudi realitzat a través del conveni d'investigació amb la Universitat Politècnica Superior de Barcelona. | ||
| 650 | 0 | |a Aigües residuals |x Depuració |z Barcelona (Província) |9 20730 | |
| 700 | |a Mujeriego, Rafael |9 20731 | ||
| 710 | 1 | |a Barcelona (Catalunya : Província). |b Servei de Cooperació Municipal |9 54958 | |
| 901 | |a Arxiu | ||
| 942 | |n 1 | ||
| 952 | |0 0 |1 0 |4 0 |6 C1251 |7 1 |9 41644 |a Arxiu |b Arxiu |d 2016-12-01 |l 0 |o C-1-251 |p 8400 |r 2016-12-01 00:00:00 |w 2016-12-01 |y ARXIU | ||
| 999 | |c 43534 |d 43534 | ||